000
00282 a2200109 4500
000
nam a22 7a 4500
005
20260206155749.0
100
_a
Dubey, G. K.
_9
1114280
245
_a
Fundamentals of Electrical Drives
260
_b
Narosha Publishing House
_c
2026
942
_c
TEXL
999
_c
1678832
_d
1678832